| 000 | 01085cam a22003253a 4500 | ||
|---|---|---|---|
| 001 | 23498 | ||
| 003 | PGUSA | ||
| 005 | 20140828083512.0 | ||
| 008 | 071115s2007||||xxu|||||s|||||000 1 eng d | ||
| 040 |
_aPGUSA _beng |
||
| 042 | _adc | ||
| 050 | 4 | _aPZ | |
| 100 | 1 |
_aCollingwood, Harry, _d1851-1922 |
|
| 245 | 1 | 4 |
_aThe Pirate Slaver : _bA Story of the West African Coast _h[electronic resource] / _cHarry Collingwood |
| 260 |
_bProject Gutenberg, _c2007 |
||
| 506 | _aPublic domain in the USA. | ||
| 516 | _aElectronic text | ||
| 653 | _aPirates -- Juvenile fiction | ||
| 653 | _aSeafaring life -- Juvenile fiction | ||
| 653 | _aConduct of life -- Juvenile fiction | ||
| 653 | _aAfrica, West -- Juvenile fiction | ||
| 653 | _aSailors -- Juvenile fiction | ||
| 653 | _aVoyages and travels -- Juvenile fiction | ||
| 653 | _aSlaves -- Juvenile fiction | ||
| 653 | _aAdventure and adventurers -- Juvenile fiction | ||
| 700 | 1 |
_aOverend, William Heysham, _d1851-1898 |
|
| 830 | 0 |
_aProject Gutenberg _v23498 |
|
| 856 | 4 | 0 | _uhttp://www.gutenberg.org/ebooks/23498 |
| 942 | _cEB | ||
| 999 |
_c252753 _d252753 |
||